[Event "ch-PER 2017"]
[Site "masterchessopen.com Lima PER"]
[Date "2017.03.02"]
[Round "4.14"]
[White "Romero Guimaray,Diego"]
[Black "Delgado Romero,Marco"]
[Result "1-0"]
[WhiteElo "1898"]
[BlackElo "2186"]

1.e4 c5 2.Nf3 d6 3.d4 cxd4 4.Nxd4 Nf6 5.Nc3 g6 6.f4 Nc6 7.Nxc6 bxc6 8.e5 dxe5
9.Qxd8+ Kxd8 10.fxe5 Ng4 11.Bf4 Bg7 12.O-O-O+ Ke8 13.Nb5 f5 14.Nc7+ Kf7
15.Bc4+ e6 16.Nxa8 Nf2 17.Rhf1 Nxd1 18.Rxd1 g5 19.Bxg5 Bxe5 20.g3 Rg8 21.Be3
Bb8 22.Bc5 f4 23.Bd6 Bxd6 24.Rxd6 fxg3 25.hxg3 Ke7 26.Rxc6 Bd7 27.Rc7 Kd6
28.Rxa7 Rxg3 29.Nb6 Bc6 30.Rxh7 e5 31.b4 e4 32.Bb3 Ke5 33.b5 Bxb5 34.Rh5+ Kf4
35.Rxb5 e3 36.Nd5+ Kf3 37.Nxe3 Kxe3 38.Rd5 Ke4 39.a4 Rg6 40.Kb2 Ra6 41.a5 {#r}
1-0

[Event "ch-PER 2017"]
[Site "masterchessopen.com Lima PER"]
[Date "2017.03.02"]
[Round "4.15"]
[White "Condori,E"]
[Black "Reyes La Rosa,Juan"]
[Result "0-1"]
[WhiteElo "2183"]
[BlackElo "1880"]

1.Nf3 Nf6 2.c4 c5 3.Nc3 g6 4.d4 cxd4 5.Nxd4 Bg7 6.e4 O-O 7.Be3 d6 8.Be2 Nc6
9.O-O Bd7 10.Qd2 Nxd4 11.Bxd4 Bc6 12.f3 a5 13.Rab1 Nd7 14.Bf2 f5 15.Bd3 f4
16.b3 Kh8 17.a3 Ne5 18.Be2 g5 19.Bd4 Qe8 20.Nd5 Bxd5 21.cxd5 Qg6 22.Rbc1 h5
23.Rc7 g4 24.Kh1 Rf7 25.Rxb7 Rg8 26.b4 axb4 27.axb4 Bf6 28.Bxe5 dxe5 29.b5 Bh4
30.d6 Bg3 31.Qd5 Qf6 32.fxg4 hxg4 33.Bxg4 Rxg4 34.h3 Rg8 35.d7 Rd8 36.Rc7 e6
37.Qd6 Rff8 38.b6 Qg7 39.b7 f3 40.gxf3 Qh6 41.Kg2 Rg8 42.Rh1 Bh2+ 43.Kf2 Qh4+
44.Ke3 Qf4+ 45.Kd3 Qxf3+ 46.Kc4 Qxh1 47.Qxe6 Qxe4+ 48.Kb5 Qd3+ 49.Kb4 Qb1+
{#R} 0-1

[Event "ch-PER 2017"]
[Site "masterchessopen.com Lima PER"]
[Date "2017.03.02"]
[Round "4.16"]
[White "Jose,G"]
[Black "Fuentes,Mo"]
[Result "0-1"]
[WhiteElo "1861"]
[BlackElo "2182"]

1.d4 Nf6 2.Nf3 g6 3.Bf4 Bg7 4.Nbd2 O-O 5.e3 d6 6.Be2 Nbd7 7.h3 b6 8.O-O Bb7
9.Bh2 Re8 10.c4 a5 11.Rc1 e5 12.b3 Qe7 13.dxe5 dxe5 14.Qc2 Rad8 15.Rfd1 h5
16.c5 Nxc5 17.Nxe5 Nd5 18.Ndf3 Nb4 19.Nxg6 Rxd1+ 20.Bxd1 Qf6 21.Qc4 Qxg6
22.Bxc7 Ncd3 23.Qb5 Rc8 24.Rc4 Nb2 25.Nh4 Qb1 26.Kh2 Nxc4 27.Bxh5 Nd2 28.Bxf7+
Kxf7 29.Qd7+ Kg8 30.Qxd2 Qd3 31.Qxd3 Nxd3 32.Bxb6 Nxf2 {#R} 0-1

[Event "ch-PER 2017"]
[Site "masterchessopen.com Lima PER"]
[Date "2017.03.02"]
[Round "4.18"]
[White "Palacios Llancari,Jose Wilfredo"]
[Black "Robledo,M"]
[Result "0-1"]
[WhiteElo "1803"]
[BlackElo "2173"]

1.e4 c5 2.Nf3 d6 3.Bb5+ Bd7 4.Bxd7+ Qxd7 5.O-O Nf6 6.Qe2 Nc6 7.c3 e6 8.d4 cxd4
9.cxd4 d5 10.e5 Ne4 11.Be3 Be7 12.Ne1 h6 13.f3 Ng5 14.Nd3 O-O 15.Nc3 Rac8
16.Rad1 a6 17.Bf2 b5 18.f4 Nh7 19.a3 Na5 20.f5 exf5 21.Nf4 Rxc3 22.bxc3 Ng5
23.Be1 Nc4 24.Nh5 Bxa3 25.Ng3 g6 26.Bd2 Kh7 27.Bxg5 hxg5 28.Nxf5 Qe6 29.Ne3
Nxe3 30.Qxe3 Be7 31.Ra1 Kg7 32.Ra2 Rc8 33.Raf2 Rf8 34.h3 a5 35.Rf6 Bxf6
36.Rxf6 Qc8 37.Qxg5 Qxc3 38.Rf4 Qc6 39.Rf6 Qe8 40.Rd6 a4 41.Rxd5 a3 42.Qc1 Qa8
43.Rxb5 a2 44.Qa1 Rc8 45.Kh2 Rc2 46.d5 Qa4 47.e6+ Kh7 48.Qf1 a1=Q 49.Rb1 Qe5+
{#R} 0-1

[Event "ch-PER 2017"]
[Site "masterchessopen.com Lima PER"]
[Date "2017.03.02"]
[Round "4.20"]
[White "Garcia Toledo,P"]
[Black "Cornelio Argumedo,Yamil"]
[Result "1-0"]
[WhiteElo "2158"]
[BlackElo "1872"]

1.e4 c6 2.d4 d5 3.exd5 cxd5 4.Bd3 Nc6 5.c3 Nf6 6.Bf4 g6 7.Nd2 Bg7 8.Ngf3 O-O
9.O-O Bg4 10.h3 Bxf3 11.Nxf3 Re8 12.Qe2 Nh5 13.Bh2 Bh6 14.Ne5 Nf4 15.Bxf4 Bxf4
16.Rad1 Qd6 17.Rfe1 e6 18.g3 Bxe5 19.dxe5 Qc5 20.h4 h5 21.g4 hxg4 22.Qxg4 Kg7
23.h5 Rh8 24.hxg6 Rag8 25.Re3 Kf8 26.Qf4 Rg7 27.Rg3 Rhg8 28.Kf1 Rh8 29.Kg2 d4
30.cxd4 Nxd4 31.Rc1 Qd5+ 32.Be4 Ne2 33.Rc8+ {#r} 1-0

[Event "ch-PER 2017"]
[Site "masterchessopen.com Lima PER"]
[Date "2017.03.02"]
[Round "4.21"]
[White "Bernedo Ludena,Roque"]
[Black "Lopez,Dan"]
[Result "1-0"]
[WhiteElo "1569"]
[BlackElo "2132"]

1.e4 e5 2.Nf3 Nc6 3.Bb5 Bc5 4.O-O Nf6 5.Re1 O-O 6.c3 Re8 7.d3 d6 8.h3 a6 9.Ba4
b5 10.Bc2 Bb6 11.Bg5 h6 12.Bh4 Nb8 13.d4 Nbd7 14.Nbd2 Bb7 15.Nf1 exd4 16.cxd4
g5 17.Nxg5 hxg5 18.Bxg5 Qb8 19.e5 Bxd4 20.Qxd4 dxe5 21.Qh4 Re6 22.Bf5 Rd6
23.Re3 Kf8 24.Bxd7 {#r} 1-0

[Event "ch-PER 2017"]
[Site "masterchessopen.com Lima PER"]
[Date "2017.03.02"]
[Round "4.25"]
[White "Narva Mallqui,Miguel"]
[Black "Guerrero Malpartida,Luis Carlos"]
[Result "1-0"]
[WhiteElo "1967"]
[BlackElo "1689"]

1.d4 Nf6 2.c4 g6 3.Nc3 Bg7 4.e4 d6 5.Be2 O-O 6.g4 e5 7.g5 Nfd7 8.d5 a5 9.h4
Na6 10.h5 Ndc5 11.Be3 c6 12.Qd2 Nb4 13.Bxc5 dxc5 14.a3 Na6 15.O-O-O cxd5
16.cxd5 Bd7 17.Qe3 Rc8 18.Qg3 Bh8 19.Nf3 Qe8 20.d6 Bc6 21.hxg6 fxg6 22.Bc4+
Rf7 23.Qh3 Bg7 24.d7 {#r} 1-0

[Event "ch-PER 2017"]
[Site "masterchessopen.com Lima PER"]
[Date "2017.03.02"]
[Round "4.28"]
[White "Medina,El"]
[Black "Izquierdo,Elias Alberto"]
[Result "0-1"]
[WhiteElo "1750"]
[BlackElo "2108"]

1.Nf3 Nf6 2.g3 e6 3.Bg2 b6 4.O-O Bb7 5.d4 Be7 6.c4 O-O 7.b3 d5 8.Bb2 Nbd7
9.Nbd2 c5 10.e3 cxd4 11.Bxd4 Qc7 12.Rc1 Ba3 13.Rc2 Rac8 14.Qa1 Bd6 15.Rfc1 e5
16.Bb2 Qb8 17.cxd5 Rxc2 18.Rxc2 Bxd5 19.Nh4 Bxg2 20.Nxg2 b5 21.Qc1 Nc5 22.Rxc5
Bxc5 23.Qxc5 Rc8 24.Qe7 Qc7 25.Qxc7 Rxc7 26.Ne1 Rd7 27.Ndf3 Ne4 28.Kf1 f6
29.Ke2 g5 30.Nd3 h5 31.Nd2 Nxd2 32.Kxd2 e4 {#R} 0-1

[Event "ch-PER 2017"]
[Site "masterchessopen.com Lima PER"]
[Date "2017.03.02"]
[Round "4.36"]
[White "Lazaro Cuevas,Ronald Anthony"]
[Black "Palacios,E"]
[Result "0-1"]
[WhiteElo "1487"]
[BlackElo "2150"]

1.d4 d5 2.c4 e6 3.Nc3 Nf6 4.Bf4 Bd6 5.Bxd6 Qxd6 6.e3 O-O 7.Nf3 c6 8.Bd3 Nbd7
9.cxd5 Nxd5 10.a3 Nxc3 11.bxc3 e5 12.O-O Qe7 13.Qc2 g6 14.e4 Re8 15.Rfe1 a6
16.h4 Kg7 17.a4 a5 18.Qd2 h5 19.Rf1 f6 20.Nh2 Qd6 21.Bc2 Nc5 22.Rfe1 Rd8
23.Red1 Ne6 24.Nf3 exd4 25.cxd4 Qe7 26.Qe3 Nc7 27.Nh2 Na6 28.Qg3 Nb4 29.Bb1 c5
30.d5 Ra6 31.f4 Be6 32.Rf1 Bf7 33.Ra3 Kh8 34.f5 gxf5 35.Rxf5 Rg8 36.Qf2 Bg6
37.Rf4 Nxd5 38.exd5 Bxb1 {#R} 0-1

[Event "ch-PER 2017"]
[Site "masterchessopen.com Lima PER"]
[Date "2017.03.02"]
[Round "4.41"]
[White "Guillen Vilca,John"]
[Black "Bernales,Oscar"]
[Result "0-1"]
[WhiteElo "1363"]
[BlackElo "1780"]

1.e4 c5 2.Nf3 Nc6 3.d4 cxd4 4.Nxd4 g6 5.Be3 Bg7 6.Nc3 d6 7.Qd2 Bd7 8.Be2 a6
9.a4 Rc8 10.Nxc6 Rxc6 11.Bd4 e5 12.Be3 f5 13.Bg5 Qc8 14.f3 f4 15.O-O h6 16.Bh4
g5 17.Bf2 Nf6 18.Rfc1 g4 19.Na2 Bf8 20.Nb4 gxf3 21.gxf3 Rg8+ 22.Kh1 Rc7 23.Bb6
Rc6 24.Nxc6 Bxc6 25.Bd3 Qh3 26.Qe2 Nh5 27.Rg1 Ng3+ 28.Rxg3 fxg3 29.Qg2 Qh4
30.h3 Bd7 31.Bf1 Rg5 32.Ba5 Rh5 33.Be1 Bxh3 34.Qxh3 Qg5 35.Qxh5+ Qxh5+ {#R}
0-1

[Event "ch-PER 2017"]
[Site "masterchessopen.com Lima PER"]
[Date "2017.03.02"]
[Round "4.44"]
[White "Garceran Izquierdo,Ruben"]
[Black "Sumi,Diego"]
[Result "1-0"]
[WhiteElo "1745"]
[BlackElo "1466"]

1.e4 c5 2.c4 Nc6 3.Nc3 d6 4.g3 e5 5.Bg2 g6 6.Nge2 Bg7 7.d3 a6 8.Nd5 Nge7
9.Nec3 Be6 10.Bg5 O-O 11.Nf6+ Kh8 12.Nfd5 f6 13.Be3 Rb8 14.a4 Bxd5 15.exd5 Nd4
16.Ne4 Nef5 17.Bd2 b5 18.axb5 axb5 19.b3 bxc4 20.bxc4 Rb3 21.Ba5 Qb8 22.O-O
Ne7 23.Rb1 h6 24.Rxb3 Nxb3 25.Bc3 f5 26.Nxd6 Qxd6 27.Qxb3 f4 28.Rb1 fxg3
29.hxg3 Qf6 30.Be1 Qf5 31.Be4 Qg5 32.Qb6 Nf5 33.Qxc5 h5 34.d6 h4 35.Bxf5 Qxf5
36.Qe3 Rd8 37.c5 hxg3 38.fxg3 Qh5 39.Kg2 Rf8 40.Bd2 {#r} 1-0

[Event "ch-PER 2017"]
[Site "masterchessopen.com Lima PER"]
[Date "2017.03.02"]
[Round "4.46"]
[White "Roman,Juan Daniel"]
[Black "Aguilar Gutierrez,Cesar Aleazar"]
[Result "1-0"]
[WhiteElo "1694"]
[BlackElo "1451"]

1.e4 e5 2.Nf3 d6 3.d4 exd4 4.Nxd4 h6 5.Nc3 c6 6.Bc4 Qf6 7.O-O Ne7 8.Re1 Ng6
9.Be3 Ne5 10.Be2 Be7 11.Qd2 Qg6 12.Rad1 Nbd7 13.Nf5 d5 14.Nxe7 Kxe7 15.exd5
Rd8 16.f4 Ng4 17.Bxg4 Qxg4 18.Bc5+ Kf6 19.Be7+ Kg6 20.Bxd8 Nf6 21.Bxf6 gxf6
22.d6 Bd7 23.Qd3+ Bf5 24.Qg3 Qxg3 25.hxg3 Bxc2 26.Rd2 Bf5 27.Re7 Rd8 28.Rxb7
a5 29.Na4 Be4 30.Nc5 Bd5 31.b3 Kf5 32.d7 Kg4 33.Kf2 h5 34.Rc7 h4 35.gxh4 Rh8
36.Rc8 Rxh4 37.Rg8+ Kf5 38.d8=Q Rxf4+ 39.Kg1 {#r} 1-0

[Event "ch-PER 2017"]
[Site "masterchessopen.com Lima PER"]
[Date "2017.03.02"]
[Round "4.53"]
[White "Espinal Valles Alfredo Enmanuel"]
[Black "Arcos,Luis"]
[Result "1-0"]
[WhiteElo "1636"]
[BlackElo "1498"]

1.e4 c5 2.d4 cxd4 3.c3 dxc3 4.Nxc3 e6 5.Nf3 Nc6 6.Bc4 a6 7.Qe2 Be7 8.O-O d6
9.Rd1 b5 10.Bb3 Bb7 11.Bf4 Qc7 12.Rac1 Rc8 13.Nd5 exd5 14.exd5 Qd7 15.dxc6
Bxc6 16.Ne5 Qb7 17.Nxf7 Kf8 18.Nxh8 d5 19.Qe6 Bf6 20.Bxd5 Qd7 21.Bd6+ {#r} 1-0

[Event "ch-PER 2017"]
[Site "masterchessopen.com Lima PER"]
[Date "2017.03.02"]
[Round "4.54"]
[White "Travezano Patino,Eduard Gedeon"]
[Black "Villanueva Orrego Martin Williams"]
[Result "1-0"]
[WhiteElo "1346"]
[BlackElo "1364"]

1.e4 e6 2.Nf3 d5 3.Nc3 dxe4 4.Nxe4 Nf6 5.Nxf6+ Qxf6 6.d4 h6 7.Bd3 Nc6 8.O-O
Bd7 9.c3 O-O-O 10.b4 a6 11.a4 Na7 12.Qb3 c6 13.Be3 Kb8 14.Rfb1 Ka8 15.b5 a5
16.Ne5 Qe7 17.bxc6 Bxc6 18.Qb6 {#r} 1-0

[Event "ch-PER 2017"]
[Site "masterchessopen.com Lima PER"]
[Date "2017.03.02"]
[Round "4.55"]
[White "Perez,Sebastian"]
[Black "Caja Ramirez,Angelo Gregory"]
[Result "1-0"]
[WhiteElo "1510"]
[BlackElo "1404"]

1.d4 Nf6 2.c4 e5 3.d5 d6 4.Nc3 Bf5 5.Nf3 Be7 6.e3 O-O 7.Qb3 b6 8.Be2 Na6 9.Na4
Nd7 10.O-O Ndc5 11.Nxc5 Nxc5 12.Qd1 a5 13.Ne1 e4 14.Nc2 Bf6 15.Nd4 Bxd4
16.Qxd4 Qg5 17.Kh1 Rae8 18.f3 exf3 19.Rxf3 Re4 20.Qd1 Rg4 21.Rxf5 Qxf5 22.Bxg4
Qf2 23.Qe2 Qf6 24.Rb1 Re8 25.Bd2 Ne4 26.Bf3 Qh4 27.Bxe4 Rxe4 28.b3 Qf6 29.Qf3
Qe5 30.Bc3 Qg5 31.Qxe4 {#r} 1-0

[Event "ch-PER 2017"]
[Site "masterchessopen.com Lima PER"]
[Date "2017.03.03"]
[Round "5.1"]
[White "Cori Quispe,Kevin Joel"]
[Black "Cori,J"]
[Result "0-1"]
[WhiteElo "2373"]
[BlackElo "2612"]

1.e4 c5 2.Nf3 Nc6 3.d4 cxd4 4.Nxd4 e5 5.Nb5 d6 6.N1c3 a6 7.Na3 b5 8.Nd5 Nf6
9.Bg5 Be7 10.Bxf6 Bxf6 11.c4 b4 12.Nc2 Rb8 13.b3 g6 14.Nxf6+ Qxf6 15.g3 h5
16.h4 Kf8 17.Bg2 Kg7 18.Qd2 a5 19.Rd1 Bg4 20.f3 Be6 21.Qe3 Qe7 22.Rd2 a4
23.O-O Rhd8 24.Rfd1 axb3 25.axb3 Ra8 26.Qb6 Na5 27.Rd3 Rdb8 28.Qe3 Bxc4
29.bxc4 Nxc4 30.Qc1 b3 31.Ne3 b2 32.Qxc4 Ra1 33.Qc2 b1=Q 34.Rxb1 Raxb1+ 35.Kh2
R8b2 36.Qc6 Re1 37.Nd1 Qa7 38.Nxb2 Qg1+ 39.Kh3 Re2 {#R} 0-1

[Event "ch-PER 2017"]
[Site "masterchessopen.com Lima PER"]
[Date "2017.03.03"]
[Round "5.2"]
[White "Terry,R"]
[Black "Cori T.,D"]
[Result "1-0"]
[WhiteElo "2454"]
[BlackElo "2422"]

1.Nf3 e6 2.c4 Nf6 3.e3 a6 4.b3 Be7 5.Bb2 O-O 6.Be2 d5 7.O-O c6 8.Qc2 Nbd7
9.Nc3 e5 10.Rad1 e4 11.Ne1 Bd6 12.d3 exd3 13.Qxd3 Ne5 14.Qd2 Neg4 15.Nf3 Qc7
16.h3 Nh2 17.Rfe1 Nxf3+ 18.Bxf3 Bh2+ 19.Kh1 dxc4 20.g3 Bxg3 21.fxg3 Bxh3
22.Qd6 Qa5 23.bxc4 Bg4 24.Qf4 Qh5+ 25.Kg2 Qh3+ 26.Kg1 Bxf3 27.Qxf3 Rfe8 28.Rd4
h5 29.Nd1 Qe6 30.Rh4 Ng4 31.Rxh5 Qg6 32.Qf5 Re4 33.Qxg6 fxg6 34.Rg5 Kh7 35.Bd4
Kh6 36.Rc5 Rd8 37.Kg2 g5 38.Nf2 Nxf2 39.Kxf2 Rf8+ 40.Kg2 Rd8 41.Rb1 Rd7 42.Ra5
Kg6 43.Rf1 Kh6 44.Rff5 b6 45.Rxa6 g6 46.Rf1 g4 47.Rxb6 {#r} 1-0

[Event "ch-PER 2017"]
[Site "masterchessopen.com Lima PER"]
[Date "2017.03.03"]
[Round "5.3"]
[White "Fernandez,Fe"]
[Black "Leiva,G"]
[Result "0-1"]
[WhiteElo "2410"]
[BlackElo "2404"]

1.e4 c6 2.d4 d5 3.e5 Bf5 4.Nf3 e6 5.Be2 Ne7 6.O-O h6 7.c3 Nd7 8.Nbd2 Bh7 9.Nb3
Ng6 10.a4 Be7 11.g3 O-O 12.h4 f6 13.h5 Ngxe5 14.dxe5 fxe5 15.Re1 Bd6 16.Be3
Qc7 17.Bf1 Rf6 18.Nh2 Kh8 19.Bh3 c5 20.Ng4 Rff8 21.Nxh6 d4 22.cxd4 exd4
23.Nxd4 cxd4 24.Rc1 dxe3 25.Rxe3 Qb6 26.Bxe6 Ne5 27.a5 Qxb2 28.Re2 Qa3 29.Re3
Qb2 30.Re2 Qb4 31.Qd5 gxh6 32.Rxe5 Qb2 33.Ree1 Qxf2+ 34.Kh1 Bxg3 {#R} 0-1

[Event "ch-PER 2017"]
[Site "masterchessopen.com Lima PER"]
[Date "2017.03.03"]
[Round "5.6"]
[White "Martinez Alcantara,Jose Eduardo"]
[Black "Garcia Toledo,P"]
[Result "1-0"]
[WhiteElo "2446"]
[BlackElo "2158"]

1.e4 c5 2.Nf3 d6 3.d4 cxd4 4.Nxd4 Nf6 5.Nc3 a6 6.Qf3 e6 7.g4 Be7 8.Be3 Qc7
9.O-O-O b5 10.g5 Nfd7 11.a3 Bb7 12.h4 Nc6 13.Nxc6 Bxc6 14.h5 Rb8 15.g6 Bf6
16.gxf7+ Kxf7 17.Qg3 Ne5 18.Bg5 Rhf8 19.f4 Nc4 20.h6 g6 21.Bxf6 Kxf6 22.Bxc4
bxc4 23.Rxd6 Kf7 24.f5 Rg8 25.Qe5 Bd7 26.fxe6+ {#r} 1-0

[Event "ch-PER 2017"]
[Site "masterchessopen.com Lima PER"]
[Date "2017.03.03"]
[Round "5.9"]
[White "Flores Quillas,Diego Saul Rodri"]
[Black "Principe,G"]
[Result "0-1"]
[WhiteElo "1999"]
[BlackElo "2291"]

1.e4 c6 2.d4 d5 3.Nc3 dxe4 4.Nxe4 Nd7 5.Ng5 Ngf6 6.Bd3 e6 7.N1f3 Bd6 8.Qe2 h6
9.Ne4 Nxe4 10.Qxe4 Qc7 11.Bd2 b6 12.O-O-O Bb7 13.Qg4 g5 14.d5 cxd5 15.Bc3 e5
16.Bb5 O-O-O 17.h4 d4 18.Bd2 a6 19.Bxd7+ Qxd7 20.Qxd7+ Kxd7 21.hxg5 Bxf3
22.gxf3 hxg5 23.Bxg5 Rxh1 24.Rxh1 Rg8 25.Bh4 Rh8 26.Kd2 Be7 {#R} 0-1

[Event "ch-PER 2017"]
[Site "masterchessopen.com Lima PER"]
[Date "2017.03.03"]
[Round "5.11"]
[White "Pena Morales,H"]
[Black "Garcia Benavides,O"]
[Result "0-1"]
[WhiteElo "2241"]
[BlackElo "2084"]

1.e4 e6 2.d4 d5 3.Nc3 Bb4 4.e5 c5 5.Qg4 Ne7 6.dxc5 Nbc6 7.Bd2 O-O 8.Nf3 Bxc5
9.Na4 Bb6 10.Bd3 f5 11.exf6 Rxf6 12.Bg5 Rf7 13.Bxe7 Rxe7 14.Nxb6 axb6 15.Qh4
g6 16.O-O e5 17.Bb5 e4 18.Bxc6 bxc6 19.Ne5 Bb7 20.f4 Re6 21.Qg4 Qe7 22.h4 Rf8
23.a4 Bc8 24.Qg3 Ba6 25.c4 d4 26.Qb3 c5 27.a5 bxa5 28.Rxa5 Qxh4 29.Rxc5 e3
30.Qd3 Rxf4 31.Nf3 Rxf3 32.Rxf3 e2 33.Rf8+ Kxf8 34.Qf3+ Qf6 {#R} 0-1

[Event "ch-PER 2017"]
[Site "masterchessopen.com Lima PER"]
[Date "2017.03.03"]
[Round "5.12"]
[White "Reyes La Rosa,Juan"]
[Black "Rengifo Blancas,Renzo Jhonathan"]
[Result "0-1"]
[WhiteElo "1880"]
[BlackElo "2221"]

1.d4 d5 2.Nf3 Nf6 3.c4 c6 4.cxd5 cxd5 5.Nc3 Nc6 6.Bf4 a6 7.e3 Bg4 8.Be2 e6
9.O-O Be7 10.Rc1 Bxf3 11.Bxf3 O-O 12.e4 dxe4 13.Nxe4 Qxd4 14.Qe2 Nd5 15.Bg3
Qb6 16.Kh1 Nd4 17.Qd1 Nxf3 18.Qxf3 Rac8 19.Be5 f6 20.Bc3 f5 21.Ng3 Nxc3
22.Rxc3 Qxb2 23.Rb3 Qxa2 24.Rxb7 Bf6 25.Qe3 Qc4 26.Re1 f4 {#R} 0-1

[Event "ch-PER 2017"]
[Site "masterchessopen.com Lima PER"]
[Date "2017.03.03"]
[Round "5.13"]
[White "Fuentes,Mo"]
[Black "Narva Mallqui,Miguel"]
[Result "1-0"]
[WhiteElo "2182"]
[BlackElo "1967"]

1.e4 e6 2.d4 d5 3.Nd2 dxe4 4.Nxe4 Nf6 5.Nxf6+ Qxf6 6.Nf3 h6 7.Bd3 Nc6 8.O-O
Bd7 9.c3 Bd6 10.Qe2 O-O-O 11.Re1 g5 12.b4 Ne7 13.b5 Nf5 14.Rb1 Rdg8 15.Ne5 Be8
16.Be4 Bxe5 17.dxe5 Qe7 18.Qf3 b6 19.Bxf5 {#r} 1-0

[Event "ch-PER 2017"]
[Site "masterchessopen.com Lima PER"]
[Date "2017.03.03"]
[Round "5.14"]
[White "Aguilar,V"]
[Black "Romero Guimaray,Diego"]
[Result "0-1"]
[WhiteElo "2179"]
[BlackElo "1898"]

1.Nf3 Nf6 2.c4 g6 3.b3 Bg7 4.Bb2 O-O 5.g3 b6 6.Bg2 Bb7 7.O-O d6 8.d4 Nbd7
9.Re1 Ne4 10.Nfd2 f5 11.Qc2 Ndf6 12.d5 Nxd2 13.Nxd2 e5 14.dxe6 Bxg2 15.Kxg2
Qe7 16.e4 f4 17.e5 dxe5 18.Rxe5 fxg3 19.hxg3 Ng4 20.Re2 Rxf2+ 21.Rxf2 Ne3+
22.Kh1 Nxc2 23.Rf7 Nxa1 24.Rxe7 Bxb2 25.Kg2 Be5 26.Nf3 Bd6 27.Rd7 Re8 28.Ng5
h6 29.Nf7 Rxe6 30.Nxh6+ Kf8 {#R} 0-1

[Event "ch-PER 2017"]
[Site "masterchessopen.com Lima PER"]
[Date "2017.03.03"]
[Round "5.15"]
[White "Arias,M"]
[Black "Bernedo Ludena,Roque"]
[Result "1-0"]
[WhiteElo "2237"]
[BlackElo "1569"]

1.d4 Nf6 2.c4 e6 3.g3 c6 4.Bg2 d5 5.Nf3 Be7 6.O-O O-O 7.Nc3 a6 8.b3 Nbd7 9.a4
Ne4 10.Nxe4 dxe4 11.Ne5 f5 12.Nxd7 Bxd7 13.Bb2 Bf6 14.Qc2 Rc8 15.Rad1 b5
16.Ra1 Qb6 17.Rfd1 Rfd8 18.Ba3 b4 19.Bb2 a5 20.g4 Be8 21.e3 g5 22.Rd2 Bg6
23.Rad1 Rd7 24.Kh1 Rcd8 25.d5 Bxb2 26.Qxb2 f4 27.dxe6 Rd3 28.e7 R8d7 29.Qf6
Qb8 30.Qe6+ Bf7 31.Qxd7 Rxd7 32.Rxd7 Qe5 33.exf4 gxf4 34.Re1 Qc3 35.Rdd1 f3
36.Bf1 Qe5 37.Bd3 Qxe7 38.Bxe4 Qf6 39.Re3 Qb2 40.Rf1 Bg6 41.Bxg6 hxg6 42.Rxf3
Qe2 43.Kg2 Qe4 44.h3 Kg7 45.Rd1 Kh6 46.Rd3 Kg5 47.Re3 Qc2 48.Re5+ Kh4 49.Rf8
{#r} 1-0

[Event "ch-PER 2017"]
[Site "masterchessopen.com Lima PER"]
[Date "2017.03.03"]
[Round "5.19"]
[White "Flores Tomasto,Luis"]
[Black "Collado,Victor"]
[Result "1-0"]
[WhiteElo "1974"]
[BlackElo "1668"]

1.e4 Nf6 2.e5 Nd5 3.d4 d6 4.Nf3 dxe5 5.Nxe5 c6 6.c4 Nb4 7.Be3 Bf5 8.Nd3 e5
9.Nxb4 Bxb4+ 10.Nc3 Qa5 11.Qb3 Bxc3+ 12.Qxc3 Qxc3+ 13.bxc3 Nd7 14.Be2 O-O
15.O-O Rfe8 16.Rfd1 b6 17.a4 exd4 18.cxd4 Nf6 19.h3 Ne4 20.Bf3 Rac8 21.a5 b5
22.cxb5 Nc3 23.bxc6 Nxd1 24.Rxd1 Be4 25.Bxe4 Rxe4 26.d5 Rc4 27.Bxa7 Rd8 28.Bb6
Rd6 29.Bc7 Rcxc6 30.Bxd6 Rxd6 31.Ra1 Ra6 32.Kf1 Kf8 33.Ke2 Ke7 34.Kd3 Kd6
35.Kd4 Kc7 36.Kc5 Rf6 37.f3 Rg6 38.g4 Rf6 39.a6 Kb8 40.a7+ Ka8 41.Ra3 {#r} 1-0

[Event "ch-PER 2017"]
[Site "masterchessopen.com Lima PER"]
[Date "2017.03.03"]
[Round "5.22"]
[White "Delgado Romero,Marco"]
[Black "Palacios Llancari,Jose Wilfredo"]
[Result "1-0"]
[WhiteElo "2186"]
[BlackElo "1803"]

1.d4 Nf6 2.c4 g6 3.Nc3 d6 4.e4 Bg7 5.Nf3 Bg4 6.Be2 Nfd7 7.Be3 c5 8.d5 b5
9.cxb5 O-O 10.O-O a6 11.Nd2 Bxe2 12.Qxe2 axb5 13.Qxb5 Ne5 14.Qe2 Na6 15.h3 Nb4
16.f4 Nd7 17.Nc4 Nb6 18.Nxb6 Qxb6 19.a3 Na6 20.e5 Qb3 21.Rad1 dxe5 22.f5 Rfb8
23.Rd2 c4 24.Qg4 Nc7 25.fxg6 hxg6 26.d6 Ne8 27.Nd5 Nf6 28.Nxe7+ Kf8 29.Qg5 Ke8
30.Nxg6 fxg6 31.Qxg6+ Kd7 32.Qxg7+ Kc6 33.Qc7+ {#r} 1-0

[Event "ch-PER 2017"]
[Site "masterchessopen.com Lima PER"]
[Date "2017.03.03"]
[Round "5.23"]
[White "Lopez Herrera,Piero"]
[Black "Condori,E"]
[Result "0-1"]
[WhiteElo "1752"]
[BlackElo "2183"]

1.e4 c6 2.d4 d5 3.exd5 cxd5 4.Bd3 Nc6 5.c3 Qc7 6.h3 g6 7.Nf3 Bf5 8.Na3 a6
9.Bg5 Bg7 10.O-O Nf6 11.Bxf6 Bxf6 12.Re1 Bxd3 13.Qxd3 O-O 14.Nc2 e6 15.Ne3 b5
16.Rac1 Na5 17.b3 Rac8 18.Rc2 Qd6 19.Qd2 Qa3 20.Ng4 Bg7 21.Nh6+ Kh8 22.Ne5 Rc7
23.Qf4 Qe7 24.Nd3 g5 25.Qd2 Bxh6 26.c4 Nxc4 27.bxc4 dxc4 28.Nb4 Qd6 29.Rec1
Bg7 30.d5 c3 31.Qd3 Qxb4 {#R} 0-1

[Event "ch-PER 2017"]
[Site "masterchessopen.com Lima PER"]
[Date "2017.03.03"]
[Round "5.25"]
[White "Ochochoque Hernandez,Julio"]
[Black "Franco,J"]
[Result "0-1"]
[WhiteElo "1740"]
[BlackElo "2042"]

1.e4 c5 2.Nc3 Nc6 3.g3 g6 4.Bg2 Bg7 5.f4 d6 6.Nf3 Nf6 7.d3 O-O 8.O-O Bg4 9.h3
Bxf3 10.Qxf3 Rb8 11.Kh1 Nd7 12.g4 b5 13.Qf2 b4 14.Ne2 Nd4 15.Nxd4 Bxd4 16.Qg3
Qc7 17.f5 c4 18.Bh6 Rfe8 19.Rab1 cxd3 20.Qxd3 Bf6 21.g5 Bh8 22.Rf2 Rbc8
23.Rbf1 Ne5 24.fxg6 hxg6 25.Qg3 Qc4 26.b3 Qd4 27.h4 Rc3 28.Qf4 Qe3 29.Qxe3
Rxe3 30.Rd2 Rc8 31.Rd4 Rxc2 32.Rxb4 Ree2 33.Rg1 Nc6 34.Rb7 Bd4 35.Rc7 Bxg1
36.Rc8+ Kh7 37.Rf8 Ne5 {#R} 0-1

[Event "ch-PER 2017"]
[Site "masterchessopen.com Lima PER"]
[Date "2017.03.03"]
[Round "5.28"]
[White "Morales,Jim"]
[Black "Roman,Juan Daniel"]
[Result "1-0"]
[WhiteElo "1937"]
[BlackElo "1694"]

1.e4 Nf6 2.e5 Nd5 3.d4 d6 4.c4 Nb6 5.exd6 exd6 6.Nf3 Be7 7.Bd3 O-O 8.O-O Bg4
9.Be3 d5 10.c5 N6d7 11.h3 Bh5 12.Nc3 Nf6 13.Re1 b6 14.cxb6 axb6 15.g4 Bg6
16.Ne5 c6 17.f4 Bxd3 18.Qxd3 Bd6 19.f5 Nfd7 20.Bf4 Be7 21.a3 Bg5 22.Bxg5 Qxg5
23.Nf3 Qf4 24.Ne2 Qd6 25.Kg2 Nf6 26.Ng3 h6 27.Rac1 Nbd7 28.Ne5 c5 29.Nxd7 Nxd7
30.Red1 c4 31.Qf3 b5 32.h4 Nb6 33.g5 Rfe8 34.f6 Qe6 35.Re1 Qxe1 36.Rxe1 Rxe1
37.fxg7 hxg5 38.Nf5 g4 39.Qxg4 Re6 40.Qh5 Rg6+ 41.Kh2 Rxg7 42.Nxg7 Kxg7
43.Qg5+ Kh7 44.Qf6 Na4 45.Qxf7+ Kh8 46.Qxd5 Nb6 47.Qxb5 {#r} 1-0

[Event "ch-PER 2017"]
[Site "masterchessopen.com Lima PER"]
[Date "2017.03.03"]
[Round "5.29"]
[White "Estrada Zeta,Erick"]
[Black "Reynaga,Roland"]
[Result "1-0"]
[WhiteElo "1933"]
[BlackElo "1722"]

1.c4 Nf6 2.Nc3 e6 3.g3 d5 4.cxd5 exd5 5.Bg2 c6 6.d4 Bd6 7.Nf3 Nbd7 8.Qc2 Nf8
9.O-O Ng6 10.Re1 O-O 11.Bg5 h6 12.Bxf6 Qxf6 13.e4 dxe4 14.Nxe4 Qf5 15.Qb3 Bc7
16.Nc3 Rd8 17.Rad1 Ba5 18.Ne5 Be6 19.Nxg6 Qxg6 20.Qxb7 Rab8 21.Qa6 Bb6 22.Qa4
Bg4 23.Rd2 Qg5 24.Re3 Re8 25.h4 Qf5 26.Be4 Qf6 27.Qxc6 Bxd4 28.Qxf6 Bxf6
29.Kg2 Be6 30.Bf3 Rec8 31.Nd5 Bxd5 32.Bxd5 Kf8 33.b3 a5 34.Bc4 Rd8 35.Rde2
Rdc8 36.a4 Rc7 37.Kh3 Re7 38.Rxe7 Bxe7 39.Re5 Bb4 40.f4 g6 41.h5 Kg7 42.hxg6
fxg6 43.Rb5 Rxb5 44.axb5 Kf6 45.b6 g5 46.Kg4 h5+ 47.Kxh5 gxf4 48.g4 Ke5 49.b7
Bd6 50.g5 Kf5 51.g6 {#r} 1-0